000
00200nam a2200073Ia 4500
008
170817s9999 xx 000 0 und d
100
_a
TIRPHATI GOPAL
245
0
_a
MANOVIGIYAN EVAM SHIKSHA MEN SODH PADHTIYAN
260
_b
H. P. BHARGAV
999
_c
37549
_d
37549